Normal view
MARC view
- Muhammad Hamza Zahoor
Entry Personal Name
001 - CONTROL NUMBER
- control field: 51437
003 - CONTROL NUMBER IDENTIFIER
- control field: NUST
005 - DATE AND TIME OF LATEST TRANSACTION
- control field: 20210314134958.0
008 - FIXED-LENGTH DATA ELEMENTS
- fixed length control field: 210314|| aca||aabn | a|a d
040 ## - CATALOGING SOURCE
- Original cataloging agency: NUST
- Transcribing agency: NUST
100 ## - HEADING--PERSONAL NAME
- Personal name: Muhammad Hamza Zahoor
670 ## - SOURCE DATA FOUND
- Source citation: Work cat.: (NUST): Muhammad Hamza Zahoor , Geo-Forensic Distress Evaluation of a Damaged Building Founded On Collapsable Soil with a View to Formulate a Remedial Strategy: A Case History , 2018.
